Sports Quiz

Random Sports or Soccer Quiz

All of Nemanja Vidic's Goals Quiz Stats

 Plays Quiz not verified by Sporcle

Support Sporcle.
Go Orange.
Score 0/27 Timer 10:00
0 Plays Today
Competition Team % Correct
Premier League Chelsea
90.6%
Premier League Chelsea
90.6%
Premier League Sunderland
84.4%
EFL CupSunderland
84.4%
Premier League Liverpool
81.3%
Premier League Everton
78.1%
Premier League Everton
78.1%
Premier LeagueAston Villa
62.5%
Premier LeagueAston Villa
62.5%
UEFA Champions League Inter Milan
59.4%
UEFA Champions League Bayern Munich
56.3%
Premier LigaZenit St-Petersburg
50%
UEFA SupercupZenit St-Petersburg
50%
Premier LeagueWigan Athletic
46.9%
Competition Team % Correct
Premier League Portsmouth FC
46.9%
Premier LeagueTottenham Hotspur
46.9%
Premier League Tottenham Hotspur
46.9%
Premier League Wolverhampton Wanderers
43.8%
Premier League West Bromwich Albion
40.6%
Premier League Hull City
34.4%
UEFA Champions LeagueSL Benfica
21.9%
Serie AGenoa
15.6%
UEFA CupOdense BK
12.5%
International Friendly Poland
12.5%
International FriendlyPoland
12.5%
Club World CupGamba Osaka
9.4%
Premier LigaShinnik Yaroslavl
3.1%

You're not logged in!

Compare scores with friends on all Sporcle quizzes.
OR
Log In

From the Vault

100 Most Powerful Celebrities by Any 3 Letters

by AmyNCSU07

If you're going to name-drop, this list will give you an idea of who to mention first.
Remove Ads.
Support Sporcle.
Get the best of Sporcle when you Go Orange. This ad-free experience offers more features, more stats, and more fun while also helping to support Sporcle. Thank you for becoming a member.

Show Comments

Extras

Top Quizzes Today


Score Distribution

Your Account Isn't Verified!

In order to create a playlist on Sporcle, you need to verify the email address you used during registration. Go to your Sporcle Settings to finish the process.

Report this User

Report this user for behavior that violates our Community Guidelines.

Details: